000 00984nam0a22002531 4500
001 rc\3158836
005 20250530073622.0
021 _aRU
_bП1894-76
035 _a(NLR Aleph) 007301050
090 _a5710675
_c5710675
100 _a20120615d1976 |||y0rusy50 ca
101 0 _arus
102 _aRU
105 _ay z |||||
200 1 _aСоциально-экономические и политические проблемы истории дореволюционной Калмыкии
_e[Сборник статей]
_fКалм. НИИ яз., литературы и истории при Совете Министров Калм. ССР
210 _aЭлиста
_cБ. и.
_d1976
215 _a206 с.
_d21
225 1 _aВестник Института
_v15
_iСерия историческая
320 _aБиблиогр. в конце статей
801 0 _aRU
_bNLR
_gpsbo
801 1 _aRU
_bELAR
_2rusmarc
852 _aNLR
_jП22/2921
942 _cBOOK
980 _aNB